000 00672nam a2200229 i 4500
001 C2-0292535
003 PPAK
005 20180728024541.0
008 090106s1995 nyu |||| ||||| | eng d
020 _a1883011051
040 _aPPAK
_beng
_cPPAK
_erda
082 0 4 _a070.44994053
_223
090 0 0 _a070.44994053
_bREP
_dLCK
245 0 0 _aReporting world war II part two :
_bAmerican journalism 1944-1946
264 1 _aNew York :
_bThe Library of America ,
_c1995
300 _a970 pages ;
_c21 cm
336 _2rdacontent
_atext
337 _2rdamedia
_aunmediated
338 _2rdacarrier
_avolume
650 1 0 _aJournalism - United States - History
942 _ddc
_cB
999 _c97399
_d97399